Responses for show #270 - Friday, September 20, 1985

Contestants

Joe Alley, a student originally from Huntsville, Alabama

Jim Davis, a personnel counselor originally from Chula Vista, California

Cindy Judy, a court reporter from San Francisco, California

Jeopardy! Round responses

FICTION
DIRECTIONS
RITUALS
ANIMAL ADJECTIVES
NUMBERS IN SONG
FOOD & DRINK
    $100 15
Robin Hood

Cindy
    $100 14
Song of the South

Joe
    $100 1
killing a vampire

Cindy
    $100 8
fishy

Cindy
    $100 23
(Jim: What is 1,000?)

a thousand

Jim
    $100 4
(Jim: What is okra?)
(Joe: What are peas?)

lima beans

CindyJimJoe
    $200 17
Huck Finn

Jim
    $200 10
Northwest Territories

Jim
    $200 2
13th day of the month

Triple Stumper
    $200 9
ratty

Triple Stumper
    $200 24
17

Jim
    $200 3
Shirley Temple

Cindy
    $300 18
The Man Without a Country

Cindy
    $300 16
(Jim: What is the south?)
(Cindy: What is the east?)

the west

CindyJimJoe
    $300 27
[end-of-round signal sounds]

Christmas trees

Joe
    $300 11
sheepish

Cindy
    $300 25
(Alex: "You're beautiful, & you're mine.")

16

Cindy
    $300 5
lunch

Cindy
    $400 19
"Guys and Dolls"

Jim
    $600 21
"East is East & West is West"

Jim
    $400 12
mulish

Jim
    $400 26
(Cindy: What is sugar and spice and everything nice?)
(Joe: What is 16 pounds of clay?)

a hundred pounds of clay

CindyJoe
Triple Stumper
    $400 6
Jell-O

Jim
    $500 20
(Jim: What is a whaler?)

harpooner

Jim
Triple Stumper
    $500 22
(Alex: We've got a minute to go in this round.)

Mr. & Mrs. North

Triple Stumper
    $500 13
foxy

Jim
    $500 7
stomach

Cindy

Scores at the first commercial break (after clue 13):

Cindy Jim Joe
$1,600 $1,400 -$100

Scores at the end of the Jeopardy! Round:

Cindy Jim Joe
$1,600 $2,100 $200

Double Jeopardy! Round responses

RENAISSANCE ART
THANKSGIVING
ASTRONOMY
WORLD CAPITALS
FIRST LINES
TRIVIA
    $200 17
Leonardo Da Vinci

Cindy
    $200 6
The Mayflower Compact

Cindy
    $200 18
the Northern Lights

Joe
    $200 5
Bonn

Cindy
    $200 1
friends, Romans, countrymen

Joe
    $200 24
[end-of-round signal sounds]

aquarium (fishtank)

Jim
    $400 13
Peter Paul Rubens

Cindy
    $400 4
(Jamestown) Virginia

Jim
    $400 19
stars

Joe
    $400 10
Morocco

Joe
    $400 2
Around the World in Eighty Days

Joe
    $600 14
(Jim: What is al fresco?)
(Alex: Al fresco means "outside.")

fresco

CindyJim
    $600 7
(Cindy: What is bigger election turnout?)

encourage Christmas shopping

Cindy
Triple Stumper
    $600 20
(Alex: We have less than a minute to go in the round.)

Galileo

Cindy
    $600 3
Goodbye, Columbus

Cindy
    $800 15
Henry VIII

Cindy
    $1,000 8
(Cindy: Who are John &....[time]?)

John & Priscilla Alden

Cindy
    $800 21
meteors

Jim
    $800 11
A Christmas Carol

Jim
    $1000 16
(Jim: Who was Michelangelo?)

Raphael

CindyJim
    $1000 9
(Joe: What are Indians?)

women

JimJoe
    $1000 22
(Joe: What is an eclipse?)
(Alex: Be more specific.)

solar eclipse

Joe
    $1000 12
Gilligan's Island

Cindy
    $1000 23
snake

Jim

Scores at the end of the Double Jeopardy! Round:

Cindy Jim Joe
$5,600 $4,700 $1,800

[wagering suggestions for these scores]

Final Jeopardy! Round responses

U.S. PRESIDENTS
(Alex: He was born in Kinderhook, New York.)
JoeWho is Harrison?
$0
JimWho was John Quincy Adams
$3,000
CindyWho is Andrew Jackson?
$3,801
Martin Van Buren

Final scores:

Cindy Jim Joe
$1,799 $1,700 $1,800
2nd place: Panasonic stereo rock system & Lane Action recliner 3rd place: Jules Jurgensen his & her watches New champion: $1,800

Game dynamics:

Coryat scores:

Cindy Jim Joe
$6,600 $4,500 $1,800
20 R,
4 W
(including 1 DD)
15 R
(including 1 DD),
5 W
9 R,
3 W

Combined Coryat: $12,900

The J! Archive is created by fans, for fans. The Jeopardy! game show and all elements thereof, including but not limited to copyright and trademark thereto, are the property of Jeopardy Productions, Inc. and are protected under law. This website is not affiliated with, sponsored by, or operated by Jeopardy Productions, Inc. Join the discussion at JBoard.tv.